1457 1967 1745 1514 1297 1022 1115 1222 1201 1245 1474 1576 1148 1177 1646 1371 1761 1427 1807 1004 1664 1683 1222 1416 1733 1504 1160 1452 1766 1201 1179 1514 1912 1446 1883 1823 1478 1325 1409 1124 1403 1349 1708 1872 1430 1885 1646 1549 1340 1275 1446 1769 1602 1625 1837 1154 1376 1803 1304 1558 1746 1343 1842 1949 1888 1404 1321 1258 1268 1935 1632 1344 1593 1092 1820 1632 1093 1958 1868 1116 1129 1089 1695 1374 1231 1067 1398 1872 1558 1889 1615 1943 1495 1643 1806 1117 1280 1387 1556 BCNSPRNW ULIB Ver.6.0+V

เปลี่ยนเป็นภาษาไทย

Change to English
 แสดงรายละเอียดบรรณานุกรม
  กลับหน้าหลัก

Brief Record : Get Marc (ISO 2709) : E-mail record : QR code < ปิดหน้าต่าง
LEADER : 00000nam 2200000uu 4500
001    13399109877
003     ULIB
008    110418s2547||||th 000 0 tha d
020    974927153X
060 04 WD210^bช738ห 2547
100 0  เชาวฤทธิ์ ตั้งโชคประเสริฐ
245 10 หุ่นดีเพราะมีเธอ /^cเชาวฤทธิ์ ตั้งโชคประเสริฐ เขียน
250    พิมพ์ครั้งที่ 1
260    กรุงเทพฯ :^bอมรินทร์บุ๊ค,^c2547
300    206 หน้า
650  7 การลดความอ้วน
650  7 สุขภาพ
945    ^p160^l0^i017054
995    ทศพร
999 ^a ใช้งานได้ทุกระบบ
รายการนี้ยังไม่มีแท็ก
คุณยังไม่ได้ล็อกอิน คุณสามารถมีกิจกรรมร่วมกับเว็บไซต์ได้ แต่ต้องล็อกอินก่อน ::
  ล็อกอิน

รายการสื่อสารสนเทศ

ลำดับที่ ประเภท เลขเรียก/บาร์โค้ด สถานที่ สถานะ
1. วิทยาศาสตร์การแพทย์ และสุขภาพ
วิทยาศาสตร์การแพทย์ และสุขภาพ
สถานะ=หนังสือเก่า
WD210 ช738ห 2547 ฉ.1 
  Barcode: 017054
ห้องสมุดวิทยาเขตสวรรค์ประชารักษ์
►ส่วนจัดเก็บหนังสือเก่า สปร
บนชั้น
  ขอยืม

รายการใกล้เคียง
    หัวเรื่อง [การลดความอ้วน]
    หัวเรื่อง [สุขภาพ]

BibComment


ยังไม่เคยถูกคอมเมนท์

คอมเมนท์ทรัพยากรรายการนี้
  คอมเมนท์: หุ่นดีเพราะมีเธอ ..


 Copyright 2026. Bcnsprnw @Library